000 00317nam a2200133Ia 4500
008 210210b2000 xxu||||| |||| 00| 0 eng d
082 _a346.016 COMM
100 _a-
245 _aCommission of Sati Act 1987.
260 _aLucknow
_bEastern Book Co
_c2000
300 _a15
690 _aMarriage Law
906 _a045195
999 _c94546
_d94546